000 00437nam a2200181Ia 4500
001 2679
005 20260306144824.0
008 260306t1974||||xx |||||||||||||| ||spa||
041 _aESP
082 _a210
_bH53
100 _aHildebrand, Dietrich von
_eAUT
245 0 _aEl caballo de Troya en la ciudad de Dios
260 _c1974
300 _a286 páginas :
_c21 cm.
650 _aGEN
654 _aCHU
942 _cLIB
_dJUS
_fJUS
_2ddc
_n
999 _c2679
_d2679